Islamic society and the West. (Record no. 799011)

MARC details
000 -LEADER
fixed length control field 00713nam a2200241Ia 4500
003 - CONTROL NUMBER IDENTIFIER
control field OSt
005 - DATE AND TIME OF LATEST TRANSACTION
control field 20220928133305.0
008 - FIXED-LENGTH DATA ELEMENTS--GENERAL INFORMATION
fixed length control field 220927b |||||||| |||| 00| 0 eng d
037 ## - SOURCE OF ACQUISITION
Terms of availability Textual
040 ## - CATALOGING SOURCE
Original cataloging agency SDCL
Transcribing agency SDCL
Language of cataloging eng
041 ## - LANGUAGE CODE
Source of code eng
Language code of text/sound track or separate title eng
100 ## - MAIN ENTRY--PERSONAL NAME
Personal name Gibb Hamilton
9 (RLIN) 485129
245 #0 - TITLE STATEMENT
Title Islamic society and the West.
260 ## - PUBLICATION, DISTRIBUTION, ETC.
Place of publication, distribution, etc. London
Name of publisher, distributor, etc. Oxford Univeristy Press
Date of publication, distribution, etc. 1950
490 ## - SERIES STATEMENT
Volume/sequential designation V1:Islamic society in the Eighteenth Century:xi,386p
700 ## - ADDED ENTRY--PERSONAL NAME
Personal name Bowen Harold
9 (RLIN) 485130
942 ## - ADDED ENTRY ELEMENTS (KOHA)
Classification part Y73(Q7):1'L, J0.1
Koha item type Textual
Source of classification or shelving scheme Colon Classification (CC)
Holdings
Withdrawn status Lost status Damaged status Not for loan Home library Current library Date acquired Serial Enumeration / chronology Total Checkouts Full call number Barcode Date last seen Price effective from Koha item type
        South Campus Library South Campus Library 2022-09-28 V1:Islamic society in the Eighteenth Century:xi,386p   Y73(Q7):1'L J0.1 SC0452860 2022-09-28 2022-09-28 Textual
Copyright @ Delhi University Library System